000
00345nam a2200169Ia 4500
100
_a
Sitaram/Dinkar
650
_a
Cloud computing
942
_c
BK
366
_f
25
654
_a
cloud
245
_a
Moving to the cloud
260
_b
Elsevier
_c
2012
082
_a
4.65
_b
SIT
300
_a
448
546
_a
ENGLISH
_c
Computers
999
_c
32068
_d
32068